000 00457cam a2200145 4500500
005 20251012011435.0
041 _afre
042 _adc
100 1 0 _aRogé, Antoine
_eauthor
245 0 0 _aFinanciers Marx-Coco-Passion
260 _c2015.
500 _a68
786 0 _nPhilosophie magazine | 93 | 10 | 2015-10-01 | p. 72-72 | 1951-1787
856 4 1 _uhttps://shs.cairn.info/magazine-philosophie-magazine-2015-10-page-72?lang=fr&redirect-ssocas=7080
999 _c1523088
_d1523088